Panglima awang : Penguasa lima lautan

Bibliographic Details
Main Author: Rosli mohd sah
Format: Book
Published: Selangor : Yamani angle , 2014

MARC

LEADER 00000cam a2200000 7i4500
001 0000073049
005 20170523.0
008 170523
020 |a 9789670525495 
090 0 0 |a ROS   |b MAL 
100 0 |a Rosli mohd sah 
245 0 0 |a Panglima awang :   |b Penguasa lima lautan   |c Rosli mohd sah 
260 |a Selangor :   |b Yamani angle ,   |c 2014 
999 |a 0001309750   |b Book   |c Adult Collection   |e Cawangan Sri Merlong